| 000 | 01838cam a22003134a 4500 | ||
|---|---|---|---|
| 005 | 20260322212032.0 | ||
| 008 | data | ||
| 010 | _a 2004030360 | ||
| 020 | _a9780195171877 (hardcover : alk. paper) | ||
| 020 | _a019517187X (hardcover : alk. paper) | ||
| 040 |
_aDLC _cDLC _dU3Q _dC#P _dEYE _dVET _dYBM _dYDXCP _dOCLCQ _dBTCTA _dU3Q |
||
| 041 | 0 | 9 | _aeng |
| 042 | _apcc | ||
| 043 | _an-us--- | ||
| 044 | _9United States | ||
| 050 | 0 | 0 |
_aHV3006.A4 _bL56 2006 |
| 082 | 0 | 0 |
_a362.2/0425 _222 |
| 096 | _aWM 420.5.N8 L56 2006 | ||
| 100 | 1 |
_aLinhorst, Donald M., _d1956- |
|
| 245 | 1 | 0 |
_aEmpowering people with severe mental illness : _ba practical guide / _cDonald M. Linhorst. |
| 260 |
_aNew York, N.Y. : _bOxford University Press, _c2006. |
||
| 300 |
_axii, 353 p. ; _c24 cm. |
||
| 504 | _aIncludes bibliographical references (p. 313-344) and index. | ||
| 505 | 0 | _aConceptualizing empowerment -- A history of powerlessness -- Individual rights, coercion, and empowerment -- Conditions for empowerment -- Empowerment through treatment planning -- Empowerment through housing -- Empowerment through organizational decision making -- Empowerment through planning and policy making -- Empowerment through employment -- Empowerment through research -- Empowerment through service provision -- Creating and living empowered lives. | |
| 520 | _a"Presents a model of empowerment and then applies it to seven areas that the have potential to empower people with severe mental illness, including treatment planning, housing, employment, and others. Provides practitioners, administrators, and policymakers with specific guidelines and actions to promote empowerment"--Provided by publisher. | ||
| 856 | 4 | 1 | _uhttp://www.loc.gov/catdir/toc/ecip055/2004030360.html |
| 856 | 4 | 2 | _uhttp://www.loc.gov/catdir/enhancements/fy0636/2004030360-d.html |
| 001 | data | ||
| 999 |
_c735 _d735 |
||